000 00604nam a2200241Ia 4500
001 855
005 20240113233433.0
007 ta
008 050127s2000 a g b000 u eng u
020 _cPB
040 _aRef. stack
041 _aeng
082 _a331.011
_bSu 14 Hu
100 _aSubramanian, S .
245 0 _aHuman rights traning Vol. 2 /
_cS. Subramanian.
_hTextual Documents
250 _a1st ed /
260 _aNew Delhi :
_bManas publications ,
_c2000.
300 _a355p. :
_bill ;
_c21cm .
653 _aEconomics
942 _2ddc
_cBK
999 _c853
_d853